| 000 | 00788nam a22001817a 4500 | ||
|---|---|---|---|
| 008 | 090818t xxu||||| |||| 00| 0 eng d | ||
| 082 |
_222 _a330.122 _bس ت ر |
||
| 245 |
_aالرأسمالية المعاصرة/ _cجون ستراتشى; نقله الى العربية عمر الديراوى |
||
| 260 |
_aبيروت: _bدار الطليعة، _c1964 |
||
| 300 |
_a396 ص; _c28 سم |
||
| 490 | _aسلسلة السياسة و المجتمع | ||
| 650 |
_98508 _aالرأسمالية |
||
| 650 |
_98523 _aرأس المال |
||
| 650 |
_98058 _aالديمقراطية |
||
| 650 |
_98522 _aالاشتراكية |
||
| 942 |
_2ddc _cBB |
||
| 999 |
_c12623 _d12623 |
||